<?xml version="1.0" encoding="UTF-8"?>
<record
    xmlns:xsi="http://www.w3.org/2001/XMLSchema-instance"
    xsi:schemaLocation="http://www.loc.gov/MARC21/slim http://www.loc.gov/standards/marcxml/schema/MARC21slim.xsd"
    xmlns="http://www.loc.gov/MARC21/slim">

  <leader>02955njm a2200493Ia 4500</leader>
  <controlfield tag="001">24153</controlfield>
  <controlfield tag="003">IT-RoPAU</controlfield>
  <controlfield tag="005">20220918181120.0</controlfield>
  <controlfield tag="008">131025s9999    xx            000 0 und d</controlfield>
  <datafield tag="040" ind1=" " ind2=" ">
    <subfield code="a">IT-RoPAU</subfield>
  </datafield>
  <datafield tag="040" ind1=" " ind2=" ">
    <subfield code="c">IT-RoPAU</subfield>
  </datafield>
  <datafield tag="999" ind1=" " ind2=" ">
    <subfield code="c">99687</subfield>
    <subfield code="d">99687</subfield>
  </datafield>
  <datafield tag="999" ind1=" " ind2=" ">
    <subfield code="b">n.d.</subfield>
  </datafield>
  <datafield tag="100" ind1=" " ind2=" ">
    <subfield code="a">AA.VV.</subfield>
    <subfield code="9">794</subfield>
  </datafield>
  <datafield tag="100" ind1=" " ind2=" ">
    <subfield code="e">Autore musica</subfield>
    <subfield code="9">9222</subfield>
  </datafield>
  <datafield tag="100" ind1=" " ind2=" ">
    <subfield code="g">Codice autore musica SPICS: 12000</subfield>
    <subfield code="9">796</subfield>
  </datafield>
  <datafield tag="245" ind1=" " ind2=" ">
    <subfield code="a">Emmanuelle (Il Guardiano del faro)</subfield>
  </datafield>
  <datafield tag="250" ind1=" " ind2=" ">
    <subfield code="a">1a ed.</subfield>
  </datafield>
  <datafield tag="260" ind1=" " ind2=" ">
    <subfield code="a">ITALIA</subfield>
  </datafield>
  <datafield tag="260" ind1=" " ind2=" ">
    <subfield code="b">POLYDOR</subfield>
    <subfield code="c">1975 [1a Ed.:1975 - Ed. Lingua Orig.: 1975]</subfield>
  </datafield>
  <datafield tag="300" ind1=" " ind2=" ">
    <subfield code="a">DISCO</subfield>
  </datafield>
  <datafield tag="300" ind1=" " ind2=" ">
    <subfield code="c">35 minuti (Testo:  pag.)</subfield>
  </datafield>
  <datafield tag="500" ind1=" " ind2=" ">
    <subfield code="a">Brani tratti da colonne sonore di film. Musica da film. Musica strumentale. Arrangiamento</subfield>
  </datafield>
  <datafield tag="505" ind1=" " ind2=" ">
    <subfield code="a">Someday Somewhere (3:00) - Love's Theme (5:00) - The Way We Were dal film "Come eravamo" (3:00) - Serpico dal film omonimo (4:00) - The Entertainer dal film "La stangata" (3:00) - Concerto d'amore (4:00) - The Air That I Breathe  (4:00) - Cos&#xEC; dolce (3:00) - Sag Warum (3:00) - Killing me Softly With His Song (4:00) - Tema dal film "Emmanuelle"</subfield>
  </datafield>
  <datafield tag="650" ind1=" " ind2=" ">
    <subfield code="a">COLONNA SONORA [DISCHI]</subfield>
    <subfield code="e">Codice MATERIA SPICS: 9950</subfield>
    <subfield code="9">9223</subfield>
  </datafield>
  <datafield tag="700" ind1=" " ind2=" ">
    <subfield code="a">Guardiano del Faro </subfield>
    <subfield code="g">Codice interprete SPICS: 10936</subfield>
    <subfield code="e">Interprete</subfield>
    <subfield code="9">9224</subfield>
  </datafield>
  <datafield tag="700" ind1=" " ind2=" ">
    <subfield code="a">Vlavianos S.</subfield>
    <subfield code="g">Codice autore musica SPICS: 14445</subfield>
    <subfield code="e">Autore musica</subfield>
    <subfield code="p">Someday Somewhere</subfield>
    <subfield code="9">9225</subfield>
  </datafield>
  <datafield tag="700" ind1=" " ind2=" ">
    <subfield code="a">Costandinos Alec R.</subfield>
    <subfield code="g">Codice autore SPICS: 14446</subfield>
    <subfield code="e">Autore</subfield>
    <subfield code="p">Someday Somewhere</subfield>
    <subfield code="9">9226</subfield>
  </datafield>
  <datafield tag="700" ind1=" " ind2=" ">
    <subfield code="a">White Barry</subfield>
    <subfield code="g">Codice autore musica SPICS: 13940</subfield>
    <subfield code="e">Autore musica</subfield>
    <subfield code="p">Love's Theme</subfield>
    <subfield code="9">9227</subfield>
  </datafield>
  <datafield tag="700" ind1=" " ind2=" ">
    <subfield code="a">Hamlish Marvin</subfield>
    <subfield code="g">Codice autore musica SPICS: 23951</subfield>
    <subfield code="e">Autore musica</subfield>
    <subfield code="p">The Way We Were</subfield>
    <subfield code="9">9228</subfield>
  </datafield>
  <datafield tag="700" ind1=" " ind2=" ">
    <subfield code="a">Bergman Andrew</subfield>
    <subfield code="g">Codice autore SPICS: 15323</subfield>
    <subfield code="e">Autore</subfield>
    <subfield code="p">The Way We Were</subfield>
    <subfield code="9">9229</subfield>
  </datafield>
  <datafield tag="700" ind1=" " ind2=" ">
    <subfield code="a">Bergman M.</subfield>
    <subfield code="g">Codice autore testo/musica SPICS: 13943</subfield>
    <subfield code="e">Autore musica</subfield>
    <subfield code="p">The Way We Were</subfield>
    <subfield code="9">9230</subfield>
  </datafield>
  <datafield tag="700" ind1=" " ind2=" ">
    <subfield code="a">Theodorakis Mikis</subfield>
    <subfield code="g">Codice autore musica SPICS: 11170</subfield>
    <subfield code="e">Autore musica</subfield>
    <subfield code="p">Serpico</subfield>
    <subfield code="9">9231</subfield>
  </datafield>
  <datafield tag="700" ind1=" " ind2=" ">
    <subfield code="a">Joplin Scott</subfield>
    <subfield code="g">Codice autore musica SPICS: 10786</subfield>
    <subfield code="e">Autore musica</subfield>
    <subfield code="p">The Entertainer</subfield>
    <subfield code="9">9232</subfield>
  </datafield>
  <datafield tag="700" ind1=" " ind2=" ">
    <subfield code="a">Arfemo</subfield>
    <subfield code="g">Codice autore musica SPICS: 14447</subfield>
    <subfield code="e">Autore musica</subfield>
    <subfield code="p">Concerto d'amore</subfield>
    <subfield code="9">9233</subfield>
  </datafield>
  <datafield tag="700" ind1=" " ind2=" ">
    <subfield code="a">Hammond A.</subfield>
    <subfield code="g">Codice autore musica SPICS: 14448</subfield>
    <subfield code="e">Autore musica</subfield>
    <subfield code="p">The Air That I Breathe</subfield>
    <subfield code="9">9234</subfield>
  </datafield>
  <datafield tag="700" ind1=" " ind2=" ">
    <subfield code="a">Hazlewood M.</subfield>
    <subfield code="g">Codice autore SPICS: 14449</subfield>
    <subfield code="e">Autore</subfield>
    <subfield code="p">The Air That I Breathe</subfield>
    <subfield code="9">9235</subfield>
  </datafield>
  <datafield tag="700" ind1=" " ind2=" ">
    <subfield code="a">Libano Giulio</subfield>
    <subfield code="g">Codice autore musica SPICS: 14450</subfield>
    <subfield code="e">Autore musica</subfield>
    <subfield code="p">Cos&#xEC; dolce</subfield>
    <subfield code="9">9236</subfield>
  </datafield>
  <datafield tag="700" ind1=" " ind2=" ">
    <subfield code="a">Harvey Anthony</subfield>
    <subfield code="g">Codice autore musica SPICS: 10991</subfield>
    <subfield code="e">Autore musica</subfield>
    <subfield code="p">Sag Warum</subfield>
    <subfield code="9">9237</subfield>
  </datafield>
  <datafield tag="700" ind1=" " ind2=" ">
    <subfield code="a">Spector P.</subfield>
    <subfield code="g">Codice autore SPICS: 14451</subfield>
    <subfield code="e">Autore</subfield>
    <subfield code="p">Sag Warum</subfield>
    <subfield code="9">9238</subfield>
  </datafield>
  <datafield tag="700" ind1=" " ind2=" ">
    <subfield code="a">Gimbel Norman</subfield>
    <subfield code="g">Codice autore musica SPICS: 14452</subfield>
    <subfield code="e">Autore musica</subfield>
    <subfield code="p">Killing me Softly With His Song</subfield>
    <subfield code="9">9239</subfield>
  </datafield>
  <datafield tag="700" ind1=" " ind2=" ">
    <subfield code="a">Bachelet Pierre</subfield>
    <subfield code="g">Codice autore musica SPICS: 9607</subfield>
    <subfield code="e">Autore musica</subfield>
    <subfield code="p">Tema dal film "Emmanuelle"</subfield>
    <subfield code="9">9240</subfield>
  </datafield>
  <datafield tag="700" ind1=" " ind2=" ">
    <subfield code="a">Roy Herv&#xE9;</subfield>
    <subfield code="g">Codice autore SPICS: 14453</subfield>
    <subfield code="e">Autore</subfield>
    <subfield code="p">Tema dal film "Emmanuelle"</subfield>
    <subfield code="9">9241</subfield>
  </datafield>
  <datafield tag="942" ind1=" " ind2=" ">
    <subfield code="c">MD</subfield>
    <subfield code="2">ddc</subfield>
  </datafield>
  <datafield tag="952" ind1=" " ind2=" ">
    <subfield code="0">0</subfield>
    <subfield code="1">0</subfield>
    <subfield code="4">0</subfield>
    <subfield code="6">24153_000000000000000</subfield>
    <subfield code="7">1</subfield>
    <subfield code="a">SPICS</subfield>
    <subfield code="b">SPICS</subfield>
    <subfield code="d">2013-10-25</subfield>
    <subfield code="l">0</subfield>
    <subfield code="o">24153</subfield>
    <subfield code="r">2013-10-25 00:00:00</subfield>
    <subfield code="w">2013-10-25</subfield>
    <subfield code="y">MD</subfield>
    <subfield code="z">Progr. Ins.: 5000 / N.Vol.: 1 / Copie: 1 - Copia rara: n.d. / date import: 01.01.2014 - By Epidotti, Trombetti, Vaglietti</subfield>
  </datafield>
</record>
